[Event "Rostock SSC op 16th"]
[Site "Rostock"]
[Date "2017.07.26"]
[Round "1"]
[White "Stieler, Sebastian"]
[Black "Schulz, Michael"]
[Result "0-1"]
[WhiteElo "1746"]
[BlackElo "2148"]
[PlyCount "50"]
[EventDate "2017.07.26"]
[EventType "swiss"]
[EventRounds "7"]
[EventCountry "GER"]
[SourceTitle "EXT 2018"]
[Source "ChessBase"]
[SourceDate "2017.10.13"]
[SourceVersion "1"]
[SourceVersionDate "2017.10.13"]
[SourceQuality "1"]

1. e4 g6 2. d4 Bg7 3. f4 c6 4. Nf3 d5 5. e5 h5 6. c4 Nh6 7. Nc3 0-0 8. c5 b6 9. b4 a5 10. bxa5 bxc5 11. Bd2 cxd4 12. Nxd4 Rxa5 13. h3 e6 14. g3 Nf5 15. Nxf5 exf5 16. Nb5 cxb5 17. Bxa5 Qxa5+ 18. Qd2 Qa3 19. Kf2 Be6 20. Be2 Nd7 21. Qe3 b4 22. Rab1 Rc8 23. Rb3 Qxa2 24. Rxb4 Bf8 25. Qb3 Qa7+ 0-1